U-Bahnstationen in Hamburg - Sudden Death - Statistiken

Allgemein
  • Dieses Quiz wurde 976 mal gespielt
  • Das Durchschnittsergebnis liegt bei 7 aus 18
Answers on the Grid
Answers color-coded by a green-red scale on the quiz's grid according to % correct below.
Ohlsdorf
Poppenbüttel
Langenhorn Süd
Langenhorn Nord
Garstedt
Buckhorn
Ahrensburg Ost
Bergedorf
Harburg Rathaus
Baumwall
Landungsbrücken
Altona
Emilienstraße
Hagendeel
Niendorf Markt
Friedrichsgabe
Elmshorn
Borgweg
Sternschanze
Schlump
Uhlandstraße
Tiefstack
Kaltenkirchen
Horner Kirche
Rauhes Haus
Wandsbek-Gartenstadt
Barmbek
Berliner Straße
Überseequartier
Neugraben
 
Antwortstatistiken
Antwort % Korrekt
Baumwall
49%
Landungsbrücken
49%
Schlump
49%
Sternschanze
48%
Barmbek
45%
Ohlsdorf
43%
Wandsbek-Gartenstadt
42%
Niendorf Markt
41%
Überseequartier
40%
Borgweg
36%
Rauhes Haus
34%
Langenhorn Nord
33%
Uhlandstraße
33%
Emilienstraße
30%
Garstedt
27%
Ahrensburg Ost
25%
Hagendeel
24%
Buckhorn
20%
Keine übereinstimmenden Quizze gefunden
Verteilung der Resultate
Anzahl Personen mit jedem Resultat
Perzentil nach korrekt beantworteten Fragen
Ihre Resultats-Entwicklung
Sie haben dieses Quiz noch nicht gespielt